Statistiques concernant One Piece : Tous les Grands Corsaires en 30s

Cliquez ici pour prendre le quiz!

Statistiques générales

  • Ce quiz a été pris 2 849 fois
    (2 842 depuis la dernière actualisation)
  • Le résultat moyen est 6 sur 11

Statistiques - réponses

SurnomNom% Correct
Œil de FauconDracule Mihawk
89%
Sir...Crocodile
68%
Le Démon CélesteDon Quijote Doflamingo
68%
L'impératrice pirateBoa Hancock
63%
Le TyranBartholomew Kuma
62%
Barbe NoirMarshall D. Teach
55%
Le paladin des mersJinbe
54%
Le chirurgien de la mortTrafalgar Law
54%
Le clown aux mille piecesBaggy
53%
Pas de surnomGecko Moria
36%
Barbe Blanche Jr.Weeble
21%

Distribution des résultats

Percentile par nombre de réponses

% des personnes avec chaque résultat

Votre développement - résultats

Vous n’avez pas pris ce quiz depuis la dernière actualisation